Betónové konštrukcie II /

Uložené v:
Podrobná bibliografia
Hlavní autori: Hajdu, Štefan (Autor), Procházka, Jaroslav (Autor)
Médium: Kniha
Jazyk:Slovak
Vydavateľské údaje: Bratislava : SVŠT v Bratislave, 1991
Vydanie:2.vyd.
Tagy: Pridať tag
Žiadne tagy, Buďte prvý, kto otaguje tento záznam!

MARC

LEADER 00000nam a22000003a 4500
001 stu26383
005 20150617225739.3
008 910527s1991----cs------------------slo-d
020 |a 80-227-0355-9 
040 |a STU  |b slo 
041 0 |a slo 
044 |a cs 
080 |a 624.012.3/.4  |7 stu_us_auth*stu4207 
100 1 |a Hajdu, Štefan  |4 aut 
245 1 |a Betónové konštrukcie II /  |c [aut]Hajdu,Štefan;Procházka,Jaroslav 
250 |a 2.vyd. 
260 |a Bratislava :  |b SVŠT v Bratislave,  |c 1991 
300 |a 349 s 
700 1 |a Procházka, Jaroslav  |4 aut 
996 |b 284V023250  |c V*39933/O-16913  |l VVT  |s A  |a 24  |w stu26383_0009 
996 |b 284V010491  |c V*35103/S-95  |l VVS  |s A  |a 24  |w stu26383_0010 
996 |b 284V006199  |c V*35104/S-95  |l VVS  |s A  |a 24  |w stu26383_0011